Folk dances for boys and girls /

Bibliographic Details
Main Author: Shambaugh, Mary Effie
Format: Musical Score Book
Published: New York : A.S. Barnes and company, 1939.
Subjects:

MARC

Tag First Indicator Second Indicator Subfields
LEADER 00000ccm a2200000I 4500
001 in00000708321
005 20151016051547.0
008 800808s1939 nyudf b n d
035 |a (OCoLC)ocm06601130 
035 |a (OCoLC)06601130 
035 |9 ADB2177AM 
040 |a TXA  |c TXA  |d IOH  |d UtOrBLW 
045 |a x2x3 
049 |a TXAM 
090 |a GV1799.S5  |b F6 
092 |a 793.31  |b S528f 
100 1 |a Shambaugh, Mary Effie. 
245 1 0 |a Folk dances for boys and girls /  |c by Mary Effie Shambaugh ... 
264 1 |a New York :  |b A.S. Barnes and company,  |c 1939. 
300 |a 143 pages :  |b illustrations, diagrams ;  |c 29 cm. 
336 |a notated music  |b ntm  |2 rdacontent 
337 |a unmediated  |b n  |2 rdamedia 
338 |a volume  |b nc  |2 rdacarrier 
500 |a Contains the music for the dances. 
504 |a "Reference list": pages 141-143. 
650 0 |a Dance  |x Folk and national dances. 
994 |a E0  |b TXA 
999 |a MARS 
999 f f |s 029dc0f3-8476-3942-8030-e8b460bf79e2  |i 906cac16-24cf-3153-a8c0-c833df47b41b  |t 0 
952 f f |p ric  |a Texas A&M University  |b Rellis Campus  |c Joint Library Facility  |d Remote Storage  |t 0  |e GV1799.S5 F6  |h Library of Congress classification  |i unmediated -- volume  |m A14801181864 
998 f f |a GV1799.S5 F6  |t 0  |l Remote Storage